বড় প্রশ্নের সংক্ষিপ্ত উত্তর / (Record no. 12990)
[ view plain ]
| 000 -LEADER | |
|---|---|
| fixed length control field | 00804nam a2200229 a 4500 |
| 001 - CONTROL NUMBER | |
| JCCL Control Number | 12990 |
| 003 - CONTROL NUMBER IDENTIFIER | |
| JCCL marc code | BD-JhCC |
| 005 - DATE AND TIME OF LATEST TRANSACTION | |
| control field | 20230611094141.0 |
| 008 - FIXED-LENGTH DATA ELEMENTS--GENERAL INFORMATION | |
| fixed length control field | 230611s2019 bg |||| |||| 000 0 ben d |
| 020 ## - INTERNATIONAL STANDARD BOOK NUMBER | |
| International Standard Book Number | 9789849400189 |
| 035 ## - SYSTEM CONTROL NUMBER | |
| system control number | (BD-JhCC)12990 |
| 040 ## - CATALOGING SOURCE | |
| Original cataloging agency | BD-JhCC |
| Modifying agency | BD-JhCC |
| 041 ## - LANGUAGE CODE | |
| Language code of Book | eng |
| 082 ## - DEWEY DECIMAL CLASSIFICATION NUMBER | |
| Classification number | 530 |
| Author mark and Year | HAW 2019 |
| 100 ## - MAIN ENTRY--PERSONAL NAME | |
| Personal name | হকিং, স্টিফেন |
| 245 ## - TITLE STATEMENT | |
| Title | বড় প্রশ্নের সংক্ষিপ্ত উত্তর / |
| Statement of responsibility, etc | স্টিফেন হকিং; আশরাফ মাহমুদ (অনু.) |
| 260 ## - PUBLICATION, DISTRIBUTION, ETC. (IMPRINT) | |
| Place of publication, distribution, etc | ঢাকা : |
| Name of publisher, distributor, etc | রাত্রি প্রকাশনী, |
| Date of publication, distribution, etc | ২০১৯ |
| 300 ## - PHYSICAL DESCRIPTION | |
| Pagination | ১৬৭ পৃ. : |
| Dimensions | ২০ সেমি. |
| 650 ## - SUBJECT ADDED ENTRY--TOPICAL TERM | |
| Topical term or geographic name as entry element | Physics |
| 700 ## - ADDED ENTRY--PERSONAL NAME | |
| Personal name | মাহমুদ, আশরাফ |
| 942 ## - ADDED ENTRY ELEMENTS (KOHA) | |
| Source of classification or shelving scheme | Dewey Decimal Classification |
| Koha item type | Books |
| Source of classification or shelving scheme | Damaged status | Not for loan | Home library | Current library | Shelving location | Date of accession | Source of acquisition | Cost, normal purchase price | Total Checkouts | Full call number | Barcode | Date last seen | Date checked out | Copy number | Method of acquisition | Koha item type | Currency |
|---|---|---|---|---|---|---|---|---|---|---|---|---|---|---|---|---|---|
| Dewey Decimal Classification | JCC Rouf Library | JCC Rouf Library | General Stacks | 06/11/2023 | জাতীয় গ্রন্থকেন্দ্র | 270.00 | 6 | 530 HAW 2019 | 17912 | 01/22/2025 | 11/19/2024 | C-1 | Gift/Donation | Books | BDT |